000 00481nam a2200169Ia 4500
003 GCL
008 140319s9999 xx 000 0 eng d
040 _aGCL /
_cGCL
082 0 4 _a62.5
_bH N
100 1 _aHUTZINGER, O.
245 1 0 _aThe Natural Environment And The Biogeochemical Cycles, Vol:1 /
_cHUTZINGER, O.
260 _a[S.N] :
_bSPRINGER - VERLAG ،
_c1992
300 _a188 P
650 0 4 _aBIOGEOCHEMICAL CYCLES
650 0 4 _aENVIRONMENTAL CHEMISTRY
942 _2ddc
_cBK
999 _c14518
_d14518